| 000 | 00650nam a2200205Ia 4500 | ||
|---|---|---|---|
| 001 | 5681 | ||
| 003 | GE_BSU | ||
| 008 | 181216s||||||||xx |||||||||||||| ||und|| | ||
| 040 | _cGE_BSU | ||
| 080 | _a514 | ||
| 100 | _aКоксетер Г.С.М. Грейтцер С.Л. | ||
| 245 | _aНовые встречи с геометрией. | ||
| 245 | _cПод. Ред. А.П. Савина. Пер. с английского А.П. Савина и Л.А. Савиной. | ||
| 260 | _aМосква | ||
| 260 | _bНаука | ||
| 260 | _c1978 | ||
| 300 | _a222 с. 20 см. | ||
| 653 | _aНовые встречи с геометрией. | ||
| 942 | _cBK | ||
| 999 |
_c39106 _d39106 |
||